000
00322nam a2200121Ia 4500
008
240624s9999 xx 000 0 und d
041
_a
eng
082
_a
174.4 WEI
100
_a
WEISS JOSEPH W
245
_a
BUSINESS ETHICS CONCEPTS AND CASES
260
_c
2009
_a
New Delhi
_b
Cengage Learning
300
_a
380 : p. : cm. ; 24
999
_c
15291
_d
15291